Crisis Provinciales (Registro nro. 6334)

Detalles MARC
000 -LEADER
fixed length control field 00879 a2200205 4500
001 - CONTROL NUMBER
control field 57936
005 - DATE AND TIME OF LATEST TRANSACTION
control field 20260407155839.0
008 - FIXED-LENGTH DATA ELEMENTS--GENERAL INFORMATION
fixed length control field 260407a arg spa d
003 - CONTROL NUMBER IDENTIFIER
control field AR-UNSa-BCEJYS
040 ## - CATALOGING SOURCE
Original cataloging agency AR-UNSa-BCEJYS
Language of cataloging spa
Transcribing agency AR-UNSa-BCEJYS
080 ## - UNIVERSAL DECIMAL CLASSIFICATION NUMBER
Universal Decimal Classification number 338.2(82)
Common auxiliary subdivision Política económica. Control de la economía. Gestión de la economía. Planificación económica en Argentina
100 1# - MAIN ENTRY--PERSONAL NAME
Personal name Marqués, Nora
245 10 - TITLE STATEMENT
Title Crisis Provinciales
Name of part/section of a work Más allá de la eficiencia del Estado¿Existe el Federalismo?
264 #1 - PRODUCTION, PUBLICATION, DISTRIBUTION, MANUFACTURE, AND COPYRIGHT NOTICE
Place of production, publication, distribution, manufacture Buenos Aires :
Name of producer, publisher, distributor, manufacturer Fundación Friedrich Ebert
300 ## - PHYSICAL DESCRIPTION
Extent 38 p.
Dimensions 21 cm.
505 ## - FORMATTED CONTENTS NOTE
Formatted contents note 1. Introducción – 2. Los fenómenos más evidentes de la crisis y sus niveles inmediatos de explicación – 3. Propuestas y razones – 4. ¿Subsiste el federalismo?
590 ## - LOCAL NOTE (RLIN)
Local note niveau_biblio:m niveau_hierar:0
700 1# - ADDED ENTRY--PERSONAL NAME
Personal name Rofman, Alejandro
942 ## - ADDED ENTRY ELEMENTS (KOHA)
Koha item type
Existencias
Withdrawn status Lost status Damaged status Not for loan Home library Current library Shelving location Date acquired Total checkouts Full call number Barcode Date last seen Price effective from Koha item type
        Biblioteca Prof. Eusebio Cleto del Rey Biblioteca Prof. Eusebio Cleto del Rey   07/04/2026   338.2(82) M357 L45996 07/04/2026 07/04/2026 Libro
        Biblioteca Prof. Eusebio Cleto del Rey Biblioteca Prof. Eusebio Cleto del Rey   07/04/2026   338.2(82) M357 L45997 07/04/2026 07/04/2026 Libro
        Biblioteca Prof. Eusebio Cleto del Rey Biblioteca Prof. Eusebio Cleto del Rey   07/04/2026   338.2(82) M357 L45998 07/04/2026 07/04/2026 Libro